100 Most-Populated USA Cities - Statistics

General Stats
  • This quiz has been taken 167 times
  • The average score is 64 of 100
Answer Stats
Hint Answer % Correct
NY New York City
99%
CA Los Angeles
97%
IL Chicago
95%
TX Dallas
94%
NV Las Vegas
93%
CA San Francisco
93%
MA Boston
92%
TX Houston
92%
TX Austin
91%
CO Denver
91%
PA Philadelphia
91%
FL Miami
89%
AZ Phoenix
89%
CA San Diego
89%
DC Washington
89%
OK Oklahoma City
87%
WA Seattle
87%
GA Atlanta
85%
MI Detroit
85%
IN Indianapolis
85%
CA Sacramento
85%
TX San Antonio
85%
FL Jacksonville
84%
MN Minneapolis
83%
TN Nashville
83%
LA New Orleans
83%
MO Kansas City
82%
NC Charlotte
81%
OH Columbus
81%
TN Memphis
81%
FL Orlando
81%
OR Portland
81%
OH Cleveland
80%
MD Baltimore
79%
FL Tampa
79%
CA San Jose
78%
TX El Paso
77%
WI Milwaukee
77%
NM Albuquerque
74%
OH Cincinnati
74%
TX Fort Worth
73%
HI Honolulu
73%
MO St Louis
71%
NE Omaha
70%
PA Pittsburgh
70%
NC Raleigh
70%
NV Reno
69%
NY Buffalo
68%
CA Oakland
68%
VA Richmond
68%
AZ Tucson
68%
ID Boise
67%
MN Saint Paul
67%
KY Louisville
64%
NJ Newark
64%
CO Colorado Springs
63%
OK Tulsa
63%
VA Virginia Beach
63%
CA Fresno
62%
WI Madison
61%
KS Wichita
61%
NE Lincoln
58%
AK Anchorage
55%
NJ Jersey City
55%
KY Lexington
55%
AZ Mesa
55%
CA Bakersfield
54%
CA Anaheim
52%
TX Arlington
52%
CA Long Beach
52%
NC Winston-Salem
49%
WA Spokane
48%
OH Toledo
48%
TX Corpus Christi
46%
CO Aurora
45%
NC Durham
45%
IN Fort Wayne
45%
NC Greensboro
45%
NV North Las Vegas
45%
CA Riverside
45%
NV Henderson
43%
CA Stockton
41%
TX Lubbock
40%
AZ Scottsdale
40%
FL St Petersburg
40%
AZ Glendale
39%
CA Santa Ana
39%
CA Irvine
38%
VA Norfolk
36%
AZ Chandler
33%
TX Laredo
32%
TX Irving
29%
TX Plano
28%
VA Chesapeake
27%
CA Chula Vista
27%
CA Fremont
26%
AZ Gilbert
25%
TX Garland
20%
CA Santa Clara
17%
LA Baton Rough
2%
No matching quizzes found
Score Distribution
Percent of People with Each Score
Percentile by Number Answered
Your Score History
You have not taken this quiz